[Event "FIN-ch rapid"]
[Site "Helsinki"]
[Date "2019.08.24"]
[Round "1"]
[White "Luukkonen, Tommi"]
[Black "Korjus, Marko"]
[Result "1-0"]
[WhiteElo "2284"]
[BlackElo "1771"]
[PlyCount "55"]
[EventDate "2019.08.24"]
[EventType "swiss (rapid)"]
[EventRounds "9"]
[EventCountry "FIN"]
[SourceTitle "EXT 2020"]
[Source "ChessBase"]
[SourceDate "2019.10.17"]
[SourceVersion "1"]
[SourceVersionDate "2019.10.17"]
[SourceQuality "1"]

1. e4 c5 2. Nf3 Nc6 3. Bb5 d6 4. 0-0 Nf6 5. Re1 Qc7 6. c3 e6 7. d4 cxd4 8. cxd4 Bd7 9. d5 Nd8 10. Bxd7+ Qxd7 11. Nc3 Be7 12. dxe6 Nxe6 13. Nd4 Nxd4 14. Qxd4 0-0 15. b3 a6 16. Bb2 Rad8 17. Rad1 Qc6 18. Nd5 Rfe8 19. Rc1 Qd7 20. Rc7 Qe6 21. Rxb7 Bf8 22. Nc7 Qe7 23. Nxe8 Qxb7 24. Nxf6+ Kh8 25. Nh5 f6 26. Nxf6 gxf6 27. Qxf6+ Qg7 28. Qxd8 1-0

[Event "FIN-ch rapid"]
[Site "Helsinki"]
[Date "2019.08.24"]
[Round "9"]
[White "Shevnin, Oleg"]
[Black "Korjus, Marko"]
[Result "1-0"]
[WhiteElo "1519"]
[BlackElo "1771"]
[PlyCount "85"]
[EventDate "2019.08.24"]
[EventType "swiss (rapid)"]
[EventRounds "9"]
[EventCountry "FIN"]
[SourceTitle "EXT 2020"]
[Source "ChessBase"]
[SourceDate "2019.10.17"]
[SourceVersion "1"]
[SourceVersionDate "2019.10.17"]
[SourceQuality "1"]

1. e4 c5 2. Nf3 Nc6 3. d4 cxd4 4. Nxd4 Nf6 5. Nxc6 bxc6 6. Nc3 Qc7 7. Bd3 e6 8. 0-0 d5 9. exd5 cxd5 10. Re1 Be7 11. Bg5 0-0 12. Qf3 Bb7 13. Qh3 g6 14. Qe3 Ng4 15. Qh3 Bxg5 16. Qxg4 Bd2 17. Nb5 Qa5 18. Re2 Bh6 19. Nd4 Bc8 20. Qh4 Bg7 21. c3 Qb6 22. Nf3 Ba6 23. Bxa6 Qxa6 24. Ree1 Rab8 25. Reb1 Qe2 26. Nd4 Bxd4 27. Qxd4 Rxb2 28. Qxa7 Rfb8 29. Re1 Qc2 30. Rec1 Qd2 31. a4 R8b7 32. Qc5 Rc2 33. Rxc2 Qxc2 34. Qc8+ Kg7 35. Qxb7 Qxc3 36. Rb1 d4 37. Qb2 Qc4 38. a5 f6 39. Qd2 e5 40. Ra1 e4 41. a6 e3 42. fxe3 d3 43. a7 1-0